| 000 | 01979 am a2200565 a 4500 | ||
|---|---|---|---|
| 005 | 20240624101943.0 | ||
| 008 | 100311s2001||||sp a f |||| 001 0 spa d | ||
| 020 | _a9788428212083 | ||
| 041 | _aspa | ||
| 092 |
_c574.192 _l55 _sNEL |
||
| 100 | 1 |
_aNelson, David L. _9395 |
|
| 245 |
_aLehninger. _bPrincipios de Bioquímica / _cDavid L. Nelson |
||
| 250 | _a3a ed. | ||
| 260 |
_aBarcelona: _bOmega; _c2001. |
||
| 300 |
_a1152 p. _bil. |
||
| 500 | _aNelson, D. L. y Cox, M. M. (2001). Lehninger. Principios de Bioquímica. (3a ed.). Barcelona : Omega. | ||
| 653 | _aLógica molecular de la vida | ||
| 653 | _aCélulas | ||
| 653 | _aBiomoléculas | ||
| 653 | _aAgua | ||
| 653 | _aAminoácidos, péptidos y proteínas | ||
| 653 | _aEstructura tridimensional de las proteínas | ||
| 653 | _aFunción de las proteínas | ||
| 653 | _aEnzimas | ||
| 653 | _aGlúcidos y glucobiología | ||
| 653 | _aNucleótidos y ácidos nucleicos | ||
| 653 | _aLípidos | ||
| 653 | _aMembranas biológicas y transporte | ||
| 653 | _aBioseñalización | ||
| 653 | _aPrincipios de bioenergética | ||
| 653 | _aGlucólisis y catabolismo de las hexosas | ||
| 653 | _aCiclo del ácido cítrico | ||
| 653 | _aOxidación de los ácidos grasos | ||
| 653 | _aOxidación de aminoácidos y producción de urea | ||
| 653 | _aFosforilación oxidativa y fotofosforilación | ||
| 653 | _aBiosíntesis de glúcidos | ||
| 653 | _aBiosíntesis de lípidos | ||
| 653 | _aBiosíntesis de aminoácidos, nucleótidos y moléculas relacionadas | ||
| 653 | _aIntegración y regulación hormonal del metabolismo de los mamiferos | ||
| 653 | _aGenes y cromosomas | ||
| 653 | _aMetabolismo del DNA | ||
| 653 | _aMetabolismo del RNA | ||
| 653 | _aMetabolismo de las proteínas | ||
| 653 | _aRegulación de la expresión génica | ||
| 653 | _aTecnología del DNA recombinante | ||
| 700 | 1 |
_aCox, Michael M. _9396 |
|
| 930 | _a1266 | ||
| 930 | _a1267 | ||
| 942 |
_2ddc _cBK _01 |
||
| 999 |
_c90 _d90 |
||